banner-ar

MICROSOFT ASP . NET PROGRAMMING WITH MICROSOFT VISUAL BASIC . NET / (Record no. 7463)

MARC details
000 -الفاتح
حقل البيانات ثابتة الطول 00642nam a2200217Ia 4500
008 - عناصر البيانات ثابتة الطول - معلومات عامة
حقل البيانات ثابتة الطول 140319s9999 xx 000 0 eng d
020 ## - الرقم الدولى المعيارى للكتب
الرقم الدولى المعيارى للكتاب 0735619344
040 ## - مصدر الفهرسة
وكالة الفهرسة الأصلية GCL /
وكالة النسخ GCL
082 04 - رقم تصنيف ديوى العشرى
رقم التصنيف 005.276
رقم المادة D M
100 1# - المدخل الرئيسى - إسم شخصى
الإسم الشخصى DUTHIE, G . ANDREW
245 10 - بيان العنوان
العنوان MICROSOFT ASP . NET PROGRAMMING WITH MICROSOFT VISUAL BASIC . NET /
بيان المسئوليه,etc DUTHIE, G . ANDREW
260 ## - PUBLICATION, DISTRIBUTION, ETC. (IMPRINT)
تاريخ النشر أو التوزيع 2003
300 ## - الوصف المادى
التعداد 24 CM ؛
أبعاد الوعاء 600 P
650 04 - المدخل الاضافى بالموضوع-مصطلح موضوعى
مصطلح موضوعي PROGRAMMING LANGUAGE
650 04 - المدخل الاضافى بالموضوع-مصطلح موضوعى
مصطلح موضوعي VISUAL BASIC
650 04 - المدخل الاضافى بالموضوع-مصطلح موضوعى
مصطلح موضوعي INTERNET - COMPUTER PROGRAME
650 04 - المدخل الاضافى بالموضوع-مصطلح موضوعى
مصطلح موضوعي INTERNET - PROGRAMMING LANGUAGES
650 04 - المدخل الاضافى بالموضوع-مصطلح موضوعى
مصطلح موضوعي ASP.NET
942 ## - عناصر المدخل الإضافي( كوها)
مصدر التصنيف او مخطط الترفيف Dewey Decimal Classification
Koha [default] item type كتاب
260 ## - PUBLICATION, DISTRIBUTION, ETC. (IMPRINT)
-- نيويورك :
-- MICROSOFT ،
Holdings
حالة التراجع حالة الفقد حالة تلف ليس للاعارة المكان المؤقت الموقع الحالى تاريخ الاكتساب اجمالي اﻻعارات رقم الطلب الباركود تاريخ اخر مشاهدة تاريخ تفعيل السعر نوع وعاء كوها
        مكتبة القاهرة الكبرى مكتبة القاهرة الكبرى 03/26/2014   005.276\D M 15390 03/26/2014 03/26/2014 كتاب

Powered By

EGPV